| 000 | 00821nam a2200241Ia 4500 | ||
|---|---|---|---|
| 003 | OSt | ||
| 005 | 20220923224557.0 | ||
| 006 | a|||||r|||| 00| 0 | ||
| 007 | ta | ||
| 008 | 220922b |||||||| |||| 00| 0 pan d | ||
| 020 | _c150 | ||
| 024 | _a243,558 | ||
| 037 |
_b301, 08/10/2010, H.K. Prakashan _cTextual |
||
| 040 |
_aARTS _cARTS _bpan |
||
| 041 |
_2pan _apan |
||
| 082 | _aQ8441xK70, 153N9;P8 | ||
| 100 | _aਗੰਡਾ ਸਿੰਘ | ||
| 245 | 0 | _aਬੰਦਾ ਸਿੰਘ ਬਹਾਦੁਰ | |
| 260 |
_aਪਟਿਆਲਾ _b ਪਬਲੀਕੇFਨ ਬਿਊਰੋ ਪੰਜਾਬੀ ਯੂਨੀਵਰਸਿਟੀ _c2008 |
||
| 300 |
_a184ਪੰ _ccm. |
||
| 942 |
_hQ8441xK70, 153N9;P8 _cTEXL _2CC |
||
| 999 |
_c372314 _d372314 |
||